000 00455cam a2200193 4500
001 D6898
008 090401t1982 xxu||||| |||| 00| 0 eng d
035 _a(Sirsi) u3812
041 _aeng
050 _a346.4103
100 _aMacrory, Richard
245 _aNuisance
260 _aLondon
_bOyez Longman Publishing
_c1982
300 _axiv. 114p. 21cm
350 _a6.95
490 _aOyez Longman Practice Notes
942 _n0
948 _c04/03/1997
999 _c85941
_d85941